000 01585cam a2200409 a 4500
001 630
003 FISKH
005 20250205153819.0
008 000313s2000 nyua b 000 1 eng
010 _a 00029067
020 _a0375800409
022 _29780439288798
040 _aDLC
_cDLC
_dDLC
_beng
042 _alcac
050 0 0 _aPZ7.P2197
_bJtwd 2000
082 0 0 _a[Fic]
_221
100 1 _aPark, Barbara.
245 1 0 _aJunie B. Jones has a peep in her pocket /
_cby Barbara Park ; illustrated by Denise Brunkus.
260 _aNew York :
_bScholastic,
_c2000.
300 _a67 pages :
_billustrations ;
_c20 cm.
490 1 _aThe Junie B. Jones series ;
_v#15
500 _a"A Stepping Stone book."
505 _aL
520 _aWhen Junie B. learns that her kindergarten class is going on a field trip to a farm, she worries about being attacked by a rooster.
521 8 _a560
_bLexile
521 8 _aL
_bRaz-Plus
650 1 _aSchool field trips
_vFiction.
650 1 _aFarms
_vFiction.
650 1 _aFear
_vFiction.
700 1 _aBrunkus, Denise,
_eillustrator
800 1 _aPark, Barbara.
_tJunie B. Jones series ;
_v#15.
856 4 2 _3Publisher description
_uhttp://www.loc.gov/catdir/description/random0414/00029067.html
856 4 2 _3Contributor biographical information
_uhttp://www.loc.gov/catdir/enhancements/fy1306/00029067-b.html
906 _a7
_bcbc
_corignew
_d1
_eocip
_f20
_gy-gencatlg
942 _2ddc
_cBK
_n0
999 _c630
_d630